书目信息 |
| 题名: |
斐多
|
|
| 作者: | 柏拉图 著 ;杨绛 译注 | |
| 分册: | ||
| 出版信息: | 北京 中国盲文出版社 2013.03 |
|
| 页数: | 115页 | |
| 开本: | 26cm | |
| 丛书名: | ||
| 单 册: | ||
| 中图分类: | B502.231 | |
| 科图分类: | ||
| 主题词: | 哲学家--生平事迹--古希腊 , 哲学家 | |
| 电子资源: | ||
| ISBN: | 978-7-5002-4016-7 | |
| 000 | 01091nam0 2200325 450 | |
| 001 | 0102100417 | |
| 005 | 20210402100820.0 | |
| 010 | @a978-7-5002-4016-7@dCNY15.00 | |
| 100 | @a20130514d2013 em y0chiy50 ea | |
| 101 | 1 | @achi@cgrc |
| 102 | @aCN@b110000 | |
| 105 | @ay z 000yd | |
| 106 | @ar | |
| 200 | 1 | @a斐多@Afei duo@e柏拉图对话录之一@f(古希腊)柏拉图著@g杨绛译注 |
| 210 | @a北京@c中国盲文出版社@d2013.03 | |
| 215 | @a115页@d26cm | |
| 300 | @a杨绛作品大字版国家彩票公益金资助 | |
| 312 | @a封面英文题名:Phaedo | |
| 330 | @a本书描绘苏格拉底受死当日,与其门徒就生死,灵魂、智慧、快乐等问题进行讨论,以及饮鸩致死的过程。 | |
| 510 | 1 | @aPhaedo@zeng |
| 517 | 1 | @a柏拉图对话录之一@Abai la tu dui hua lu zhi yi |
| 600 | 0 | @a苏格拉底@c(Socrates@f前469-前399)@x生平事迹 |
| 600 | 0 | @a苏格拉底@c(Socrates@f前469-前399) |
| 606 | 0 | @a哲学家@x生平事迹@y古希腊 |
| 606 | 0 | @a哲学家 |
| 690 | @aB502.231@v5 | |
| 701 | 0 | @c(古希腊)@a柏拉图@Abai la tu@4著 |
| 702 | 0 | @a杨绛@Ayang jiang@f(1911-)@4译注 |
| 801 | 0 | @aCN@bBJSZM@c20210402 |
| 905 | @b1275409-12@dB502.231@e137@f4 | |
| 斐多:柏拉图对话录之一/(古希腊)柏拉图著/杨绛译注.-北京:中国盲文出版社,2013.03 |
| 115页;26cm |
| 杨绛作品大字版国家彩票公益金资助 |
| ISBN 978-7-5002-4016-7:CNY15.00 |
| 本书描绘苏格拉底受死当日,与其门徒就生死,灵魂、智慧、快乐等问题进行讨论,以及饮鸩致死的过程。 |
| ● |
| 相关链接 |
|
|
|
|
正题名:斐多
索取号:B502.231/137
 
预约/预借
| 序号 | 登录号 | 条形码 | 馆藏地/架位号 | 状态 | 备注 |
| 1 | 1275409 | 212754090 | 第一样本阅览室/ [索取号:B502.231/137] | 在馆 | |
| 2 | 1275410 | 212754107 | 教育系资料室/ [索取号:B502.231/137] | 在馆 | |
| 3 | 1275411 | 212754116 | 教育系资料室/ [索取号:B502.231/137] | 在馆 | |
| 4 | 1275412 | 212754125 | 第一借阅区/ [索取号:B502.231/137] | 在馆 |